[Event "27th Klatovy A 2019"]
[Site "Klatovy CZE"]
[Date "2019.07.04"]
[Round "6.7"]
[White "Mejzlik, Ondrej"]
[Black "Kopta, Pavel"]
[Result "1-0"]
[WhiteElo "2302"]
[BlackElo "2227"]
[PlyCount "57"]
[EventDate "2019.06.29"]
[EventType "swiss"]
[EventRounds "9"]
[EventCountry "CZE"]

1. c4 g6 2. Nc3 Bg7 3. g3 e5 4. Bg2 d6 5. d3 f5 6. e3 Nf6 7. Nge2 O-O 8. O-O c6 9. Rb1 a5 10. a3 Be6 11. b4 axb4 12. axb4 d5 13. d4 Ne4 14. cxd5 cxd5 15. dxe5 Bxe5 16. Bb2 Bg7 17. Nf4 Ra6 18. b5 Rd6 19. Nxe6 Rxe6 20. Qb3 Bxc3 21. Bxc3 Qc8 22. Rbc1 Qc4 23. Qb2 Qa4 24. Ra1 Qc4 25. Rfc1 d4 26. Bxd4 Qd5 27. Bf1 Ng5 28. Bc4 Nf3+ 29. Kh1 1-0

[Event "27th Klatovy A 2019"]
[Site "Klatovy CZE"]
[Date "2019.07.04"]
[Round "6.8"]
[White "Brejnik, Gustav"]
[Black "Zeman, Matyas"]
[Result "0-1"]
[WhiteElo "2114"]
[BlackElo "2275"]
[PlyCount "88"]
[EventDate "2019.06.29"]
[EventType "swiss"]
[EventRounds "9"]
[EventCountry "CZE"]

1. d4 e6 2. c4 f5 3. Nf3 Nf6 4. g3 Be7 5. Bg2 O-O 6. O-O d6 7. Nc3 Ne4 8. Nxe4 fxe4 9. Nd2 d5 10. f3 Nc6 11. e3 exf3 12. Bxf3 Bf6 13. cxd5 exd5 14. Qb3 Ne7 15. Ne4 Kh8 16. Nxf6 Rxf6 17. Bd2 Rb6 18. Qa3 Bh3 19. Rf2 Rf6 20. Bb4 Nf5 21. Qb3 c6 22. Bg2 Bxg2 23. Kxg2 Qe8 24. Rf3 Qe4 25. Kf2 Qxf3+ 26. Kxf3 Nxd4+ 27. Kg2 Nxb3 28. axb3 a6 29. Bc3 Re6 30. Rf1 Kg8 31. Bd4 Rf8 32. Rc1 g5 33. h3 h6 34. b4 Kh7 35. b5 axb5 36. Ra1 Ree8 37. Ra7 Rf7 38. Bc5 Kg6 39. h4 gxh4 40. gxh4 Kh5 41. Kh3 Rg8 42. Bd4 Rf3+ 43. Kh2 Kxh4 44. Bf6+ Rxf6 0-1

[Event "27th Klatovy A 2019"]
[Site "Klatovy CZE"]
[Date "2019.07.04"]
[Round "6.9"]
[White "Hollan, Petr"]
[Black "Eret, Matous"]
[Result "1-0"]
[WhiteElo "2261"]
[BlackElo "2205"]
[PlyCount "163"]
[EventDate "2019.06.29"]
[EventType "swiss"]
[EventRounds "9"]
[EventCountry "CZE"]

1. e4 c5 2. Nf3 e6 3. d4 cxd4 4. Nxd4 a6 5. Bd3 Qc7 6. O-O Nf6 7. Qe2 d6 8. f4 Nbd7 9. c4 Be7 10. Kh1 h5 11. Nc3 h4 12. Bd2 Nh5 13. Rae1 Bf6 14. Be3 Nf8 15. Kg1 Ng6 16. Ndb5 axb5 17. Nxb5 Qe7 18. c5 dxc5 19. e5 Nxe5 20. fxe5 Bxe5 21. Qf2 Nf6 22. Bxc5 Bxh2+ 23. Kh1 Qd8 24. Qf3 Bg3 25. Rd1 Qd5 26. Nc7+ Bxc7 27. Bb5+ Bd7 28. Bxd7+ Kxd7 29. Rxd5+ exd5 30. Qf5+ Kc6 31. Bd4 b6 32. Rc1+ Kb7 33. Bxf6 gxf6 34. Qxd5+ Kb8 35. Qxf7 Be5 36. Rc6 Ra6 37. Qc4 Ka7 38. Re6 Rh7 39. Kg1 Rc7 40. Rc6 Rxc6 41. Qxc6 Ra5 42. Qd7+ Kb8 43. Qe8+ Ka7 44. Qf7+ Kb8 45. b4 Ra3 46. Kf1 Rc3 47. Ke2 Rc7 48. Qe6 Ka7 49. a4 Rg7 50. Qd5 Bc7 51. Qc6 Re7+ 52. Kf3 Be5 53. a5 Rb7 54. Kg4 Bg3 55. Qxf6 bxa5 56. Qd4+ Ka6 57. Qc4+ Rb5 58. Qc6+ Rb6 59. Qa8+ Kb5 60. Qxa5+ Kc6 61. Kf3 Bd6 62. Qa8+ Kc7 63. Qa7+ Rb7 64. Qa5+ Kc6 65. Qa6+ Rb6 66. Qc4+ Kd7 67. Qxh4 Rxb4 68. Qh7+ Ke6 69. Qg8+ Ke7 70. g3 Rb8 71. Qg7+ Ke6 72. g4 Rb3+ 73. Ke4 Rb4+ 74. Kd3 Be7 75. Qg6+ Kd7 76. Qf5+ Ke8 77. g5 Rb6 78. g6 Rf6 79. Qh5 Rd6+ 80. Ke4 Re6+ 81. Kf5 Rf6+ 82. Ke4 1-0

[Event "27th Klatovy A 2019"]
[Site "Klatovy CZE"]
[Date "2019.07.04"]
[Round "6.10"]
[White "Vedral, Oldrich"]
[Black "Bartos, Jan"]
[Result "1-0"]
[WhiteElo "2250"]
[BlackElo "2157"]
[PlyCount "111"]
[EventDate "2019.06.29"]
[EventType "swiss"]
[EventRounds "9"]
[EventCountry "CZE"]

1. e4 e6 2. d4 d5 3. e5 c5 4. c3 Nc6 5. Nf3 Bd7 6. a3 Nge7 7. Be3 Nf5 8. Bd3 Qb6 9. b4 cxd4 10. cxd4 Rc8 11. O-O Be7 12. Nbd2 O-O 13. Nb3 Qd8 14. Rc1 b6 15. b5 Nb8 16. a4 Rxc1 17. Bxc1 Qc7 18. Bd2 a5 19. g4 Nh6 20. Ng5 Bxg5 21. Bxg5 Qc3 22. Nc1 Kh8 23. Ne2 Qb2 24. Bc1 Qb4 25. Bxh6 gxh6 26. Qc1 Rg8 27. Qxh6 Rg7 28. h3 Qxa4 29. Ng3 Qxd4 30. Nh5 Qxe5 31. Bxh7 Qg5 32. Qxg7+ Qxg7 33. Nxg7 Kxh7 34. Nh5 Bxb5 35. Rb1 Bc4 36. Rxb6 Na6 37. Nf6+ Kg6 38. Nxd5 Kg5 39. f4+ Kh6 40. Ne3 Bd3 41. Rb3 Be4 42. Ra3 Nc5 43. Rxa5 Nd3 44. f5 e5 45. Kh2 f6 46. Ra6 Kg7 47. Ra7+ Kg8 48. Kg3 Nf4 49. h4 Ne2+ 50. Kf2 Nf4 51. Rd7 Kf8 52. h5 Kg8 53. Kg3 Kh8 54. Kh4 Bf3 55. h6 Be2 56. Nd5 1-0

[Event "27th Klatovy A 2019"]
[Site "Klatovy CZE"]
[Date "2019.07.04"]
[Round "6.11"]
[White "Vyprachticky, David"]
[Black "Holy, Filip"]
[Result "1-0"]
[WhiteElo "2312"]
[BlackElo "2088"]
[PlyCount "37"]
[EventDate "2019.06.29"]
[EventType "swiss"]
[EventRounds "9"]
[EventCountry "CZE"]

1. e4 d5 2. exd5 Qxd5 3. Nc3 Qd6 4. d4 Nf6 5. Nf3 Bg4 6. h3 Bh5 7. g4 Bg6 8. Ne5 Nbd7 9. Nb5 Qb6 10. Nc4 Qe6+ 11. Ne3 O-O-O 12. Bc4 Qb6 13. a4 Ne5 14. a5 Qa6 15. Be2 Ne4 16. O-O h5 17. f4 hxg4 18. fxe5 gxh3 19. Nd6+ 1-0

[Event "27th Klatovy A 2019"]
[Site "Klatovy CZE"]
[Date "2019.07.04"]
[Round "6.12"]
[White "Finek, Vaclav"]
[Black "Stross, Frantisek"]
[Result "1/2-1/2"]
[WhiteElo "2043"]
[BlackElo "2312"]
[PlyCount "87"]
[EventDate "2019.06.29"]
[EventType "swiss"]
[EventRounds "9"]
[EventCountry "CZE"]

1. e4 c5 2. Nf3 e6 3. d4 cxd4 4. Nxd4 Nf6 5. Nc3 d6 6. Bd3 Nc6 7. Nxc6 bxc6 8. O-O Be7 9. Bd2 d5 10. exd5 cxd5 11. Qe2 O-O 12. Nb5 Bb7 13. Bc3 Nd7 14. Rfe1 Nc5 15. Rac1 Nxd3 16. cxd3 a6 17. Nd4 Bg5 18. Rc2 Re8 19. Nf3 Bf4 20. Be5 Bh6 21. Bc7 Qe7 22. Bb6 Rac8 23. d4 Rxc2 24. Qxc2 f6 25. Bc5 Qc7 26. Qa4 Qc6 27. Qxc6 Bxc6 28. Bd6 Kf7 29. Re2 Rd8 30. Bg3 Rc8 31. Rc2 Ke7 32. Ne1 Bd7 33. Rxc8 Bxc8 34. Nd3 Kd7 35. f4 Kc6 36. Kf2 g6 37. Bh4 Bg7 38. Kf3 h6 39. Be1 g5 40. g3 Kd7 41. a4 Bf8 42. Bb4 Bg7 43. Be1 Kc6 44. Bb4 1/2-1/2

[Event "27th Klatovy A 2019"]
[Site "Klatovy CZE"]
[Date "2019.07.04"]
[Round "6.13"]
[White "Slovak, Kilian"]
[Black "Hajek, Jiri2"]
[Result "1-0"]
[WhiteElo "2242"]
[BlackElo "2043"]
[PlyCount "153"]
[EventDate "2019.06.29"]
[EventType "swiss"]
[EventRounds "9"]
[EventCountry "CZE"]

1. e4 e5 2. Nf3 d5 3. Nxe5 Bd6 4. d4 dxe4 5. Nc4 Nf6 6. Be2 Nc6 7. Nxd6+ Qxd6 8. c3 O-O 9. Na3 Nd5 10. Nc4 Qg6 11. g3 Bh3 12. Rg1 Rad8 13. Bd2 b5 14. Bh5 Qe6 15. Ne3 b4 16. Nxd5 Qxd5 17. Be2 bxc3 18. bxc3 Be6 19. Qb3 Qd7 20. Qc2 Rb8 21. Be3 Ne7 22. Rb1 Rxb1+ 23. Qxb1 Qa4 24. Kd2 Bc4 25. Rc1 Bxe2 26. Kxe2 c5 27. Kf1 Nd5 28. Qxe4 Nxe3+ 29. Qxe3 Re8 30. Qd2 Qc4+ 31. Kg1 cxd4 32. cxd4 Qd5 33. Rc5 Qd6 34. Qe3 Rd8 35. Qe5 g6 36. Qxd6 Rxd6 37. Ra5 Rxd4 38. Rxa7 Rd1+ 39. Kg2 h5 40. h4 Kg7 41. Kf3 Re1 42. Rc7 Kf6 43. Rc2 Kf5 44. Rc5+ Kf6 45. a4 Ra1 46. a5 Ra4 47. Ke3 Ra2 48. Rb5 Kg7 49. Rc5 Kh7 50. Rd5 Kg7 51. f3 Ra4 52. Rb5 Kg8 53. Kd3 Ra3+ 54. Ke4 Kg7 55. Rc5 Kg8 56. g4 Ra4+ 57. Kd5 hxg4 58. fxg4 f5 59. gxf5 gxf5 60. Kc6 f4 61. Kb5 Ra1 62. a6 f3 63. Rg5+ Kh7 64. Rf5 Ra3 65. h5 Kh6 66. Kb6 Kg7 67. a7 Rb3+ 68. Kc7 Rc3+ 69. Kb8 Rb3+ 70. Ka8 Ra3 71. Kb7 Rb3+ 72. Ka8 Ra3 73. Rf4 Rb3 74. h6+ Kxh6 75. Rf8 Ra3 76. Kb7 Rb3+ 77. Kc6 1-0

[Event "27th Klatovy A 2019"]
[Site "Klatovy CZE"]
[Date "2019.07.04"]
[Round "6.14"]
[White "Cmiko, Jakub"]
[Black "Krivanek, Vladimir"]
[Result "0-1"]
[WhiteElo "2005"]
[BlackElo "2166"]
[PlyCount "50"]
[EventDate "2019.06.29"]
[EventType "swiss"]
[EventRounds "9"]
[EventCountry "CZE"]

1. e4 c5 2. Nf3 Nc6 3. d4 cxd4 4. Nxd4 e5 5. Nb5 d6 6. c4 Be7 7. N1c3 a6 8. Na3 Nf6 9. Nc2 O-O 10. Bd3 Be6 11. O-O Rc8 12. Qe2 Nd7 13. Be3 Bg5 14. Nd5 Kh8 15. f3 Nc5 16. b4 Bxe3+ 17. Ncxe3 Nd4 18. Qd2 Nxd3 19. Qxd3 b5 20. cxb5 axb5 21. a4 bxa4 22. Rxa4 Bxd5 23. Nxd5 Rc2 24. Rfa1 Qh4 25. Ra8 Qf2+ 0-1

[Event "27th Klatovy A 2019"]
[Site "Klatovy CZE"]
[Date "2019.07.04"]
[Round "6.15"]
[White "Furman, Boris"]
[Black "Kopriva, Martin"]
[Result "1/2-1/2"]
[WhiteElo "2144"]
[BlackElo "2031"]
[PlyCount "20"]
[EventDate "2019.06.29"]
[EventType "swiss"]
[EventRounds "9"]
[EventCountry "CZE"]

1. d4 Nf6 2. c4 g6 3. Nc3 Bg7 4. Nf3 O-O 5. Bg5 h6 6. Bh4 d6 7. e3 c5 8. d5 g5 9. Bg3 Nh5 10. Nd2 Nxg3 1/2-1/2

[Event "27th Klatovy A 2019"]
[Site "Klatovy CZE"]
[Date "2019.07.04"]
[Round "6.16"]
[White "Hlozek, David"]
[Black "Dvorak, Jan"]
[Result "0-1"]
[WhiteElo "1901"]
[BlackElo "2141"]
[PlyCount "56"]
[EventDate "2019.06.29"]
[EventType "swiss"]
[EventRounds "9"]
[EventCountry "CZE"]

1. e4 e6 2. d4 d5 3. Nd2 Be7 4. Bd3 c5 5. dxc5 Nf6 6. Qe2 O-O 7. Ngf3 a5 8. O-O Na6 9. e5 Nd7 10. c3 Naxc5 11. Bc2 b6 12. Re1 Ba6 13. Qe3 Qc7 14. Nd4 Rfe8 15. f4 Nf8 16. N2f3 f6 17. exf6 Bxf6 18. Ne5 Rac8 19. g4 Bb7 20. g5 Bxe5 21. fxe5 Ne4 22. Bxe4 dxe4 23. Nb5 Qxe5 24. Qxb6 Ba8 25. Nd4 e3 26. Rxe3 Qd5 27. Nf3 Rc4 28. h3 Rf4 0-1

[Event "27th Klatovy A 2019"]
[Site "Klatovy CZE"]
[Date "2019.07.04"]
[Round "6.17"]
[White "Chmel, Kristian"]
[Black "Skypala, Ondrej"]
[Result "1-0"]
[WhiteElo "2102"]
[BlackElo "2030"]
[PlyCount "69"]
[EventDate "2019.06.29"]
[EventType "swiss"]
[EventRounds "9"]
[EventCountry "CZE"]

1. e4 e6 2. d4 d5 3. Nd2 Nf6 4. e5 Nfd7 5. Bd3 c5 6. c3 Nc6 7. Ngf3 cxd4 8. cxd4 f6 9. O-O fxe5 10. Nxe5 Ndxe5 11. dxe5 g6 12. f4 Bc5+ 13. Kh1 Be3 14. Nf3 Bb6 15. Ng5 Qe7 16. a4 Bd7 17. f5 Nxe5 18. fxe6 Bxe6 19. Nxe6 Qxe6 20. Bb5+ Ke7 21. Bg5+ Kd6 22. Rf6 Rhf8 23. Rxe6+ Kxe6 24. a5 Bc5 25. b4 Bxb4 26. Qd4 Rf5 27. Bf4 Bc3 28. Qxc3 Rxf4 29. a6 b6 30. Re1 Re4 31. Qh3+ Kd6 32. Rc1 Rf8 33. Qa3+ Rb4 34. Qxb4+ Ke6 35. Qxf8 1-0

[Event "27th Klatovy A 2019"]
[Site "Klatovy CZE"]
[Date "2019.07.04"]
[Round "6.18"]
[White "Molkanov, Oleg 2001"]
[Black "Pick, Stepan"]
[Result "1-0"]
[WhiteElo "2211"]
[BlackElo "2058"]
[PlyCount "51"]
[EventDate "2019.06.29"]
[EventType "swiss"]
[EventRounds "9"]
[EventCountry "CZE"]

1. d4 d5 2. c4 e6 3. Nf3 a6 4. cxd5 exd5 5. Nc3 Nf6 6. Bg5 Be6 7. Qb3 b5 8. Qc2 Be7 9. g3 Qc8 10. Bg2 Nbd7 11. O-O h6 12. Bf4 O-O 13. Rac1 c5 14. dxc5 Nxc5 15. Nd4 Rd8 16. b4 Nb7 17. Qb3 Qd7 18. Ncxb5 Rac8 19. Na7 Rxc1 20. Rxc1 Bd6 21. Nxe6 fxe6 22. Be3 Re8 23. Rc6 Bb8 24. Rxa6 Nd6 25. Nc6 Bc7 26. a4 1-0

[Event "27th Klatovy A 2019"]
[Site "Klatovy CZE"]
[Date "2019.07.04"]
[Round "6.19"]
[White "Bub, Volker"]
[Black "Palek, Miroslav"]
[Result "1/2-1/2"]
[WhiteElo "2049"]
[BlackElo "2188"]
[PlyCount "95"]
[EventDate "2019.06.29"]
[EventType "swiss"]
[EventRounds "9"]
[EventCountry "CZE"]

1. e4 e5 2. Bc4 Nf6 3. d3 Nc6 4. Nf3 Be7 5. O-O O-O 6. c3 d6 7. Bb3 Bg4 8. Nbd2 Na5 9. Bc2 c5 10. h3 Bh5 11. Re1 Nc6 12. Nf1 Re8 13. Ng3 Bg6 14. Nh4 d5 15. Qf3 dxe4 16. dxe4 Nd7 17. Nhf5 Bf8 18. Rd1 Qc7 19. h4 f6 20. h5 Bf7 21. Qg4 Nb6 22. Nh6+ Kh8 23. Nxf7+ Qxf7 24. Nf5 Red8 25. b3 Rxd1+ 26. Qxd1 Rd8 27. Qf3 a5 28. Be3 Nd7 29. Rd1 Ndb8 30. Rxd8 Nxd8 31. Bd3 a4 32. Bc4 Qd7 33. Qe2 axb3 34. axb3 Nbc6 35. Nh4 Ne6 36. Qg4 Ncd8 37. Bd5 Bd6 38. Qf5 Nf8 39. h6 Be7 40. hxg7+ Kxg7 41. Qh5 Kh8 42. Bh6 Nfe6 43. Qg4 f5 44. Nxf5 Bf6 45. Ng3 Qe7 46. Nf5 Qd7 47. Ng3 Qe7 48. Nf5 1/2-1/2

[Event "27th Klatovy A 2019"]
[Site "Klatovy CZE"]
[Date "2019.07.04"]
[Round "6.20"]
[White "Lochman, Vaclav"]
[Black "Kozak, Milos"]
[Result "1/2-1/2"]
[WhiteElo "2007"]
[BlackElo "2165"]
[PlyCount "48"]
[EventDate "2019.06.29"]
[EventType "swiss"]
[EventRounds "9"]
[EventCountry "CZE"]

1. e4 c6 2. d4 d5 3. Nc3 dxe4 4. Nxe4 Nf6 5. Nxf6+ exf6 6. Nf3 Bd6 7. Be2 O-O 8. O-O Re8 9. Re1 Nd7 10. Bf1 Rxe1 11. Qxe1 Nf8 12. Be3 Bg4 13. Be2 Qe7 14. Nh4 Bxe2 15. Qxe2 Qe4 16. Nf3 Re8 17. Re1 f5 18. Qc4 Qd5 19. Qxd5 cxd5 20. Bd2 Rc8 21. c3 Ne6 22. Ne5 b5 23. a3 Rc7 24. Nd3 a5 1/2-1/2

[Event "27th Klatovy A 2019"]
[Site "Klatovy CZE"]
[Date "2019.07.04"]
[Round "6.21"]
[White "Odehnal, Jaroslav"]
[Black "Jelinek, Michal"]
[Result "0-1"]
[WhiteElo "1930"]
[BlackElo "2108"]
[PlyCount "60"]
[EventDate "2019.06.29"]
[EventType "swiss"]
[EventRounds "9"]
[EventCountry "CZE"]

1. d4 Nf6 2. c4 g6 3. Nc3 Bg7 4. e4 d6 5. f4 O-O 6. Nf3 Na6 7. Bd3 e5 8. fxe5 dxe5 9. d5 c6 10. Be3 Ng4 11. Bg1 cxd5 12. cxd5 f5 13. Qb3 Qd6 14. O-O-O Bh6+ 15. Kb1 Be3 16. Nb5 Qb4 17. Qxb4 Nxb4 18. Bc4 fxe4 19. d6+ Kh8 20. h3 exf3 21. hxg4 fxg2 22. Bh2 Nc6 23. Rhe1 Bxg4 24. Be2 Bxe2 25. Rxe2 Rf1 26. Ree1 Raf8 27. Kc2 Nd4+ 28. Nxd4 Bxd4 29. b3 Rxe1 30. Rxe1 Rd8 0-1

[Event "27th Klatovy A 2019"]
[Site "Klatovy CZE"]
[Date "2019.07.04"]
[Round "6.22"]
[White "Dvorakova, Olga"]
[Black "Cakl, Zdenek"]
[Result "1/2-1/2"]
[WhiteElo "1763"]
[BlackElo "2072"]
[PlyCount "68"]
[EventDate "2019.06.29"]
[EventType "swiss"]
[EventRounds "9"]
[EventCountry "CZE"]

1. d4 d5 2. c4 e6 3. Nc3 f5 4. Nf3 Nf6 5. Bg5 Be7 6. e3 O-O 7. Bd3 c6 8. O-O Ne4 9. Bxe7 Qxe7 10. Ne5 Nd7 11. f4 Nxe5 12. fxe5 Qg5 13. Qe2 Bd7 14. Bxe4 fxe4 15. c5 Rf5 16. Rxf5 exf5 17. Qf2 Qh5 18. Qe2 Qh6 19. Rf1 Rf8 20. g3 Be8 21. Qf2 Bh5 22. Ne2 g5 23. b4 Bf3 24. a4 Qh5 25. Re1 Kf7 26. b5 Ke6 27. Kf1 Qh3+ 28. Kg1 h5 29. Qf1 Qg4 30. h3 Bxe2 31. hxg4 Bxf1 32. gxf5+ Rxf5 33. Rxf1 Rxf1+ 34. Kxf1 Kd7 1/2-1/2

[Event "27th Klatovy A 2019"]
[Site "Klatovy CZE"]
[Date "2019.07.04"]
[Round "6.23"]
[White "Novak, Vaclav2"]
[Black "Vevera, Radek"]
[Result "0-1"]
[WhiteElo "1870"]
[BlackElo "2066"]
[PlyCount "66"]
[EventDate "2019.06.29"]
[EventType "swiss"]
[EventRounds "9"]
[EventCountry "CZE"]

1. e4 c6 2. d4 d5 3. exd5 cxd5 4. Nf3 Nc6 5. c3 Nf6 6. Bd3 g6 7. O-O Bg7 8. Re1 O-O 9. Bg5 h6 10. Bh4 Nh5 11. h3 Qd6 12. Nbd2 Bd7 13. Nf1 Rae8 14. Bg3 Nxg3 15. Nxg3 e5 16. dxe5 Nxe5 17. Nxe5 Bxe5 18. Nf1 d4 19. cxd4 Bxd4 20. Rxe8 Rxe8 21. Bxg6 fxg6 22. Qb3+ Be6 23. Qxb7 Qf4 24. Ne3 Rf8 25. Nd1 Bxf2+ 26. Nxf2 Qxf2+ 27. Kh1 Qf7 28. Qe4 Bd5 29. Qg4 Qf5 30. Qg3 Qg5 31. Qh2 Qf4 32. Qg1 Qg3 33. Rf1 Qxh3+ 0-1

[Event "27th Klatovy A 2019"]
[Site "Klatovy CZE"]
[Date "2019.07.04"]
[Round "6.24"]
[White "Hak, David"]
[Black "Kupsa, Matej 2001"]
[Result "1-0"]
[WhiteElo "1980"]
[BlackElo "1929"]
[PlyCount "125"]
[EventDate "2019.06.29"]
[EventType "swiss"]
[EventRounds "9"]
[EventCountry "CZE"]

1. e4 c5 2. Nf3 Nf6 3. Nc3 d6 4. d4 cxd4 5. Nxd4 e5 6. Nb3 Be6 7. Be2 Nc6 8. Bg5 Be7 9. Qd2 h6 10. Bxf6 gxf6 11. g4 h5 12. f3 Bf8 13. Qd3 a6 14. Nd5 Bh6 15. c3 Rc8 16. Nd2 Bxd5 17. Qxd5 Qa5 18. Nc4 Qxd5 19. exd5 Ke7 20. dxc6 bxc6 21. Kf2 Bf4 22. h3 Rb8 23. b3 d5 24. Ne3 a5 25. Rad1 h4 26. Rb1 Rb6 27. a3 Ke6 28. Bd3 Rhb8 29. Bf5+ Kd6 30. Bc2 Ke6 31. b4 Ra8 32. bxa5 Rxb1 33. Rxb1 Rxa5 34. Nf5 Kd7 35. Rb7+ Kd8 36. a4 Rc5 37. Rb3 Bd2 38. Nd6 Kc7 39. Ne8+ Kc8 40. Bf5+ Kd8 41. Nxf6 Bxc3 42. Rb7 Bd4+ 43. Ke2 Rc3 44. Rd7+ Kc8 45. Rxd5+ Kb7 46. Rd7+ Kb6 47. Rxf7 Re3+ 48. Kd2 Rxf3 49. g5 e4 50. Nxe4 c5 51. g6 c4 52. a5+ Kxa5 53. Bg4 c3+ 54. Kc2 Re3 55. Nf6 Rg3 56. g7 Rg2+ 57. Kd3 Rd2+ 58. Ke4 c2 59. g8=Q c1=Q 60. Qa8+ Kb4 61. Rb7+ Kc4 62. Rc7+ Bc5 63. Qa4+ 1-0

[Event "27th Klatovy A 2019"]
[Site "Klatovy CZE"]
[Date "2019.07.04"]
[Round "6.25"]
[White "Kaderabek, Jiri"]
[Black "Vilimova, Julie"]
[Result "0-1"]
[WhiteElo "2182"]
[BlackElo "1786"]
[PlyCount "48"]
[EventDate "2019.06.29"]
[EventType "swiss"]
[EventRounds "9"]
[EventCountry "CZE"]

1. e4 c5 2. Nf3 d6 3. d4 cxd4 4. Qxd4 Nc6 5. Bb5 Bd7 6. Qd3 g6 7. c4 Bg7 8. O-O Nf6 9. Nc3 O-O 10. Bg5 Rc8 11. Rac1 Nb4 12. Qe2 Bg4 13. Rfd1 a6 14. Ba4 Qa5 15. Bb3 Bxf3 16. Qxf3 Qxg5 17. e5 Qxe5 18. Re1 Qg5 19. Rcd1 Rc7 20. g3 Rfc8 21. h4 Qa5 22. Re2 Nc6 23. Rde1 Ne5 24. Qg2 Nd3 0-1

[Event "27th Klatovy A 2019"]
[Site "Klatovy CZE"]
[Date "2019.07.04"]
[Round "6.26"]
[White "Drahorad, Daniel"]
[Black "Rybin, Jan"]
[Result "1/2-1/2"]
[WhiteElo "1977"]
[BlackElo "1900"]
[PlyCount "27"]
[EventDate "2019.06.29"]
[EventType "swiss"]
[EventRounds "9"]
[EventCountry "CZE"]

1. d4 Nf6 2. Nf3 e6 3. Bf4 b6 4. e3 Bb7 5. Nbd2 d5 6. Bd3 c5 7. c3 Nbd7 8. O-O Be7 9. Ne5 O-O 10. Ndf3 a6 11. Nxd7 Nxd7 12. Rc1 Re8 13. Bb1 Bf6 14. Ne5 1/2-1/2

[Event "27th Klatovy A 2019"]
[Site "Klatovy CZE"]
[Date "2019.07.04"]
[Round "6.27"]
[White "Fiser, Jiri2"]
[Black "Pavlicek, Lukas"]
[Result "0-1"]
[WhiteElo "1899"]
[BlackElo "1962"]
[PlyCount "30"]
[EventDate "2019.06.29"]
[EventType "swiss"]
[EventRounds "9"]
[EventCountry "CZE"]

1. e4 c5 2. Nf3 d6 3. d4 cxd4 4. Nxd4 Nf6 5. Nc3 a6 6. Bc4 e6 7. Qe2 b5 8. Bb3 Be7 9. f4 O-O 10. Be3 b4 11. Na4 Nxe4 12. Nxe6 Bxe6 13. Bb6 Qe8 14. Qxe4 Bxb3 15. axb3 Bh4+ 0-1

[Event "27th Klatovy A 2019"]
[Site "Klatovy CZE"]
[Date "2019.07.04"]
[Round "6.28"]
[White "Richter, Martin1"]
[Black "Nechutny, Michal"]
[Result "1/2-1/2"]
[WhiteElo "1959"]
[BlackElo "1726"]
[PlyCount "124"]
[EventDate "2019.06.29"]
[EventType "swiss"]
[EventRounds "9"]
[EventCountry "CZE"]

1. e4 c5 2. Nc3 Nc6 3. f4 e6 4. Nf3 d5 5. Bb5 Nge7 6. Qe2 d4 7. Nd1 a6 8. Bxc6+ Nxc6 9. d3 Be7 10. O-O O-O 11. Nf2 b5 12. c4 bxc4 13. dxc4 Qc7 14. Nd3 Rd8 15. g4 Nb4 16. Nxb4 cxb4 17. Qd3 Bb7 18. Re1 Bd6 19. e5 Qc6 20. Kf2 Bc5 21. Kg3 Rd7 22. b3 Qxf3+ 23. Qxf3 Bxf3 24. Kxf3 Rad8 25. Bd2 d3 26. a3 a5 27. axb4 Bxb4 28. Red1 Rb7 29. Bxb4 Rxb4 30. Ra3 h5 31. Ke3 a4 32. bxa4 Rxc4 33. a5 hxg4 34. a6 Ra8 35. Rdxd3 Rc7 36. Rdb3 Kf8 37. Kd4 Ke7 38. Rb6 f5 39. Ke3 Rca7 40. Kf2 Rh8 41. Kg2 Rha8 42. Ra2 g6 43. Ra3 Kf7 44. Kg3 Rh8 45. Rb7+ Rxb7 46. axb7 Rb8 47. Rb3 Ke7 48. h3 gxh3 49. Kxh3 Kf7 50. Kg3 Ke7 51. Rb2 Kd7 52. Kh4 Kc7 53. Kg5 Rxb7 54. Rxb7+ Kxb7 55. Kxg6 Kc6 56. Kf6 Kd5 57. Kf7 Ke4 58. Kxe6 Kxf4 59. Kd6 Kg3 60. e6 f4 61. e7 f3 62. e8=Q Kf2 1/2-1/2

[Event "27th Klatovy A 2019"]
[Site "Klatovy CZE"]
[Date "2019.07.04"]
[Round "6.29"]
[White "Sim, Jia Ru"]
[Black "Novy, Daniel"]
[Result "1/2-1/2"]
[WhiteElo "1866"]
[BlackElo "1955"]
[PlyCount "80"]
[EventDate "2019.06.29"]
[EventType "swiss"]
[EventRounds "9"]
[EventCountry "CZE"]

1. e4 c5 2. Nf3 e6 3. c3 Nc6 4. e5 d6 5. Bb5 Bd7 6. O-O Nxe5 7. Nxe5 Bxb5 8. c4 Bd7 9. Nf3 Be7 10. Nc3 Nf6 11. d4 cxd4 12. Nxd4 a6 13. Re1 h6 14. Qf3 Qc8 15. b3 e5 16. Ba3 O-O 17. Nc2 Bc6 18. Qd3 Rd8 19. Ne3 Qc7 20. Rad1 Qa5 21. b4 Qxa3 22. Nc2 Qb2 23. Rb1 e4 24. Qd2 e3 25. fxe3 Ne4 26. Nxe4 Qe5 27. Nf2 Bh4 28. Nd4 Be4 29. Rb3 Rac8 30. Rc1 Bg6 31. Nf3 Bxf2+ 32. Qxf2 Qe6 33. Rbc3 Be4 34. Nd4 Qg6 35. Ne2 d5 36. Nf4 Qf6 37. Nxd5 Bxd5 38. Qxf6 gxf6 39. cxd5 Rxc3 40. Rxc3 Rxd5 1/2-1/2

[Event "27th Klatovy A 2019"]
[Site "Klatovy CZE"]
[Date "2019.07.04"]
[Round "6.30"]
[White "Vavrinkova, Eliska"]
[Black "Ondrejat, Miroslav"]
[Result "1/2-1/2"]
[WhiteElo "1858"]
[BlackElo "1948"]
[PlyCount "70"]
[EventDate "2019.06.29"]
[EventType "swiss"]
[EventRounds "9"]
[EventCountry "CZE"]

1. d4 Nf6 2. Nf3 e6 3. c4 c5 4. Nc3 cxd4 5. Nxd4 a6 6. g3 Qc7 7. Qd3 Nc6 8. Nxc6 Qxc6 9. e4 Bb4 10. Bg2 b5 11. cxb5 Bxc3+ 12. Qxc3 Qxb5 13. a4 Qc6 14. Qxc6 dxc6 15. Bf4 O-O 16. O-O Rd8 17. Rac1 Bb7 18. Rc4 Rd7 19. Bg5 h6 20. Bxf6 gxf6 21. f4 a5 22. Rfc1 Rd2 23. e5 fxe5 24. fxe5 Rxb2 25. Rg4+ Kf8 26. Rf4 Rb4 27. Rf6 Kg7 28. Rd1 Rf8 29. Rd7 Bc8 30. Ra7 Rxa4 31. Bxc6 Rc4 32. Bf3 Rc5 33. Be4 Rxe5 34. Rg6+ Kh8 35. Rxh6+ Kg7 1/2-1/2

[Event "27th Klatovy A 2019"]
[Site "Klatovy CZE"]
[Date "2019.07.04"]
[Round "6.31"]
[White "Novotny, David"]
[Black "Pribyl, Viktor"]
[Result "0-1"]
[WhiteElo "1788"]
[BlackElo "1933"]
[PlyCount "80"]
[EventDate "2019.06.29"]
[EventType "swiss"]
[EventRounds "9"]
[EventCountry "CZE"]

1. d4 Nf6 2. Bf4 g6 3. Nc3 d5 4. e3 Bg7 5. h4 h5 6. Nf3 Bf5 7. Ne5 Ne4 8. Nxe4 dxe4 9. Bc4 O-O 10. f3 exf3 11. gxf3 Nc6 12. Nxc6 bxc6 13. c3 a5 14. Qd2 Kh7 15. O-O-O a4 16. Rdg1 c5 17. e4 Bc8 18. Qg2 e6 19. dxc5 a3 20. Qg5 axb2+ 21. Kxb2 Qd7 22. Rh2 Ba6 23. Bb3 Qd3 24. Be5 Bxe5 25. Qxe5 Qxf3 26. Rg3 Qf1 27. Rhg2 Bd3 28. c4 Qb1+ 29. Kc3 Bf1 30. Rb2 Qc1+ 31. Rc2 Qa1+ 32. Rb2 Qe1+ 33. Kc2 Rad8 34. Qf4 Rd1 35. Ba4 Kg8 36. Qe3 Be2 37. Rg1 Qxg1 38. Qxe2 Rc1+ 39. Kb3 Rb8+ 40. Ka3 Qxc5+ 0-1

[Event "27th Klatovy A 2019"]
[Site "Klatovy CZE"]
[Date "2019.07.04"]
[Round "6.32"]
[White "Janous, Marek"]
[Black "Flajsman, Pavel"]
[Result "1-0"]
[WhiteElo "1777"]
[BlackElo "1917"]
[PlyCount "135"]
[EventDate "2019.06.29"]
[EventType "swiss"]
[EventRounds "9"]
[EventCountry "CZE"]

1. e4 g6 2. d4 Bg7 3. Nc3 c6 4. Be3 d5 5. Qd2 dxe4 6. Nxe4 Nd7 7. O-O-O Ngf6 8. Nxf6+ Nxf6 9. f3 b5 10. Ne2 Bb7 11. Nf4 Nd5 12. Nxd5 Qxd5 13. Kb1 Rd8 14. Be2 a6 15. Rhe1 O-O 16. Qb4 a5 17. Qxe7 Rfe8 18. Qg5 Qxg5 19. Bxg5 Rxd4 20. Bd3 Rxe1 21. Rxe1 h6 22. Bd2 c5 23. Bc3 Rh4 24. Bxg7 Kxg7 25. h3 c4 26. Bf1 Rd4 27. Kc1 Kf6 28. Re8 Bc6 29. Rc8 Rd6 30. a4 bxa4 31. Bxc4 Bd7 32. Ra8 Rd4 33. Ba2 Bb5 34. c3 Rd7 35. Rxa5 Rb7 36. c4 Bd7 37. Kc2 Ke7 38. Ra6 Rc7 39. Kc3 Rb7 40. Ra5 Bc6 41. b4 axb3 42. Bxb3 h5 43. Ba4 Bxa4 44. Rxa4 Kd6 45. Kd4 Rd7 46. Ra6+ Kc7+ 47. Kc5 Kb7 48. Rf6 Kc7 49. g4 hxg4 50. fxg4 Re7 51. Kb5 Kb7 52. c5 Kc7 53. h4 Re4 54. Rxf7+ Kb8 55. h5 gxh5 56. gxh5 Rh4 57. Rh7 Rh1 58. Kc6 Rh2 59. h6 Rh1 60. Rh8+ Ka7 61. Kc7 Rh2 62. c6 Rf2 63. Rh7 Ka8 64. Re7 Rh2 65. h7 Ka7 66. Kc8+ Ka8 67. c7 Ka7 68. Kd8 1-0